LEADER 01922oam 2200481M 450 001 9910715547303321 005 20191121064213.5 035 $a(CKB)5470000002512582 035 $a(OCoLC)1065547519 035 $a(OCoLC)995470000002512582 035 $a(EXLCZ)995470000002512582 100 $a20070221d1834 ua 0 101 0 $aeng 135 $aurcn||||||||| 181 $ctxt$2rdacontent 182 $cc$2rdamedia 183 $acr$2rdacarrier 200 10$aKentucky. Memorial of the citizens of Grant County, on the subject of the currency, and in favor of a restoration of the public deposites, and a recharter of the Bank of the United States. April 28, 1834. Read, and laid upon the table 210 1$a[Washington, D.C.] :$c[publisher not identified],$d1834. 215 $a1 online resource (5 pages) 225 1 $aHouse document / 23rd Congress, 1st session. House ;$vno. 369 225 1 $a[United States congressional serial set] ;$v[serial no. 258] 300 $aBatch processed record: Metadata reviewed, not verified. Some fields updated by batch processes. 300 $aFDLP item number not assigned. 606 $aCharters 606 $aBanks and banking 606 $aBank deposits 606 $aNational banks (United States) 606 $aFinance, Public 608 $aLegislative materials.$2lcgft 615 0$aCharters. 615 0$aBanks and banking. 615 0$aBank deposits. 615 0$aNational banks (United States) 615 0$aFinance, Public. 801 0$bWYU 801 1$bWYU 801 2$bOCLCQ 801 2$bOCLCO 906 $aBOOK 912 $a9910715547303321 996 $aKentucky. Memorial of the citizens of Grant County, on the subject of the currency, and in favor of a restoration of the public deposites, and a recharter of the Bank of the United States. April 28, 1834. Read, and laid upon the table$93354530 997 $aUNINA LEADER 01012nam0 22002531i 450 001 UON00184371 005 20231205103146.776 010 $a00-631-8364-1 100 $a20030730d1987 |0itac50 ba 101 $aeng 102 $aGB 105 $a|||| 1|||| 200 1 $aItaly$fRussell King 210 $aLondon$aCambridge ; New York$cHarper & Row$d1987 - X I,222 p. ; 22 cm 410 1$1001UON00172385$12001 $aWestern Europe$eeconomic and social studies$1210 $aLondon$cPaul Chapman Pub. 606 $aItalia$xCondizioni economiche e sociali$xSec. 20.$3UONC037712$2FI 606 $aItalia$xGeografia economica$3UONC035579$2FI 700 1$aKing$bRussell$3UONV106825 801 $aIT$bSOL$c20251024$gRICA 899 $aSIBA - SISTEMA BIBLIOTECARIO DI ATENEO$2UONSI 912 $aUON00184371 950 $aSIBA - SISTEMA BIBLIOTECARIO DI ATENEO$dSI VII GEO E A 0218 $eSI SC 24463 5 0218 996 $aItaly$91287583 997 $aUNIOR